HUMAN BEHAVIOUR/ AN INTRODUCTION FOR MEDICAL STUDENTS (Record no. 3733)
[ view plain ]
| 000 -LEADER | |
|---|---|
| fixed length control field | 00289nam a22001097a 4500 |
| 008 - FIXED-LENGTH DATA ELEMENTS--GENERAL INFORMATION | |
| fixed length control field | 170126b xxu||||| |||| 00| 0 eng d |
| 020 ## - INTERNATIONAL STANDARD BOOK NUMBER | |
| International Standard Book Number | 9780397584611 |
| 041 ## - LANGUAGE CODE | |
| Language code of text/sound track or separate title | eng |
| 080 ## - UNIVERSAL DECIMAL CLASSIFICATION NUMBER | |
| Edition identifier | 3RD |
| Universal Decimal Classification number | 61 |
| 245 ## - TITLE STATEMENT | |
| Title | HUMAN BEHAVIOUR/ AN INTRODUCTION FOR MEDICAL STUDENTS |
| Statement of responsibility, etc | STOUDEMIRE, A |
| 942 ## - ADDED ENTRY ELEMENTS (KOHA) | |
| Source of classification or shelving scheme | |
| Item type | Books |
| Withdrawn status | Lost status | Source of classification or shelving scheme | Damaged status | Not for loan | Collection code | Permanent location | Current location | Shelving location | Date acquired | Total Checkouts | Full call number | Barcode | Date last seen | Price effective from | Koha item type |
|---|---|---|---|---|---|---|---|---|---|---|---|---|---|---|---|
| Koleksioni i përgjithshem | UBT - Lipjan | UBT - Lipjan | Koleksioni i përgjithshem | 01/26/2017 | 61 STO | 002-030433 | 01/26/2017 | 01/26/2017 | Books | ||||||
| Koleksioni i përgjithshem | UBT - Lipjan | UBT - Lipjan | 06/15/2023 | 159.9STO | 002-800080598 | 06/15/2023 | 06/15/2023 | Books |